Central Library OPAC University of Rajshahi

Norway : (Record no. 52400)

MARC details
000 -LEADER
fixed length control field 00710nam a2200229 a 4500
001 - CONTROL NUMBER
control field 52400
003 - CONTROL NUMBER IDENTIFIER
rucl marc code BD-RjUL
005 - DATE AND TIME OF LATEST TRANSACTION
control field 20211209075811.0
008 - FIXED-LENGTH DATA ELEMENTS--GENERAL INFORMATION
fixed length control field 160920s1949 enk |||||||||||| ||eng|
035 ## - SYSTEM CONTROL NUMBER
System control number (BD-RjUL) 52520
040 ## - CATALOGING SOURCE
Original cataloging agency DLC
Transcribing agency CarP
Modifying agency DLC
-- BD-RjUL
Language of cataloging eng
041 ## - LANGUAGE CODE
Language code of text/sound track or separate title eng
082 ## - DEWEY DECIMAL CLASSIFICATION NUMBER
Edition number 23
Classification number 330.90481
Author mark and year BAN 1949
100 1# - MAIN ENTRY--PERSONAL NAME
Personal name Barber, L.C.S.
9 (RLIN) 156667
245 10 - TITLE STATEMENT
Title Norway :
Remainder of title economic and commercial conditions in Norway /
Statement of responsibility, etc. L.C.S. Barber
260 ## - PUBLICATION, DISTRIBUTION, ETC. (IMPRINT)
Place of publication, distribution, etc. London :
Name of publisher, distributor, etc. H. M. Stationery Off.,
Date of publication, distribution, etc. 1949.
300 ## - PHYSICAL DESCRIPTION
Pagination iv, 77 p. :
Illustrations ill. ;
Size 25 cm.
490 ## - SERIES STATEMENT
Series statement Overseas economic surveys.
651 #0 - SUBJECT ADDED ENTRY--GEOGRAPHIC NAME
Geographic name Norway
General subdivision Economic conditions.
9 (RLIN) 156668
830 #0 - SERIES ADDED ENTRY--UNIFORM TITLE
Uniform title Overseas economic surveys.
942 ## - ADDED ENTRY ELEMENTS (KOHA)
Source of classification or shelving scheme Dewey Decimal Classification
Koha item type Books
Holdings
Lost status Source of classification or shelving scheme Damaged status Not for loan Collection code Permanent Location Current Location Shelving location Date acquired Source of acquisition Cost, normal purchase price Total Checkouts Full call number Date last seen Copy number Koha item type
  Dewey Decimal Classification     Non-fiction Central Library, University of Rajshahi Central Library, University of Rajshahi   03/02/1962 Dr. A.I. Ourishi 10.00   330.90481 BAN 1949 20/09/2016 C-2 Books
  Dewey Decimal Classification     Non-fiction Central Library, University of Rajshahi Central Library, University of Rajshahi   10/04/1957 Information ser 1.00   330.90481 BAN 1949 20/09/2016 C-3 Books